000 01076nam a2200301 a 4500
001 000006736
003 DO-SdBNP
005 20250923122509.0
007 ta
008 090902s1969 dr abc r 000 0 spa d
040 _aDO-SdBNP
_bspa
_cBNPHU
082 4 _a972.9302
_bT266v
_222
100 1 _aTejera R., Ramón A.
_918756
245 1 3 _aEl vuelo panamericano :
_bPro-Faro a Colón /
_cRamón A. Tejera R. ; prólogo Gustavo Benedicto.
260 _aSanto Domingo :
_bLibrería Dominicana,
_c1969.
300 _a144 p. :
_bil., mapas, retrs. ;
_c22 cm.
490 1 _aEdiciones históricas
590 _aInventariado, 2022/BT
600 1 4 _aMiranda, Andrés Féliz,
_d1901-1954
_918750
600 1 4 _aTejeda, Ernesto,
_918751
610 2 4 _aFaro a Colón (Santo Domingo, República Dominicana)
_918752
650 0 _aAccidentes aéreos
_zCali (Colombia)
_93257
651 4 _aRepública Dominicana
_xHistoria
_9170
700 1 2 _aBenedicto, Gustavo,
_epról.
_918754
830 0 _aEdiciones históricas
_918757
910 _aValidado. Control de calidad. MFF
942 _2ddc
_cLBS1
999 _c6525
_d6525